00563nam a22001937a 450000500170000001000130001702000230003003500130005303700160006604000120008208200170009410000170011124500660012826000370019427000610023130000200029265000230031265000340033520170124110048.0 aA-944141 c195.00a8186190708 aA-944141 bCen Lib/Ret aDPLbEN a796.019bVER aVerma, Veena aSports psychology & all round development /cby Veena Verma a DelhibSports Publicationc1999 aWP-474,1st Floor Shiv Market Ashok Viharb Delhie110052 a44p. c20cm(Hb) aSports--Psychology aSports--Psychological aspects